Southville International School and Colleges
Your cart is empty.
  • Cart
  • Lists
    Public lists Eva Luna New books Lux_list list_1
    Your lists Log in to create your own lists
  • Log in to your account
  • Your cookies
  • Search history
Southville International School and Colleges
  • Advanced search
  • Recent comments
  • Most popular
  • Libraries

Log in to your account

Log in with GOOGLE


If you do not have an external account, but do have a local account, you can still log in:

  1. Home
  2. MARC view: Theory of automata, formal languages and computation /
Normal view MARC view ISBD view

Theory of automata, formal languages and computation / (Record no. 296108)

[ view plain ]
MARC details
000 -LEADER
fixed length control field 00662nam a2200229Ia 4500
008 - FIXED-LENGTH DATA ELEMENTS--GENERAL INFORMATION
fixed length control field 160621s9999 xx 000 0 und d
020 ## - INTERNATIONAL STANDARD BOOK NUMBER
International Standard Book Number 81-224-1508-3
050 ## - LIBRARY OF CONGRESS CALL NUMBER
Classification number ComSc QA 267.7
050 ## - LIBRARY OF CONGRESS CALL NUMBER
Item number .X38 2004
100 ## - MAIN ENTRY--PERSONAL NAME
Personal name Xavier, S.P. Eugene.
245 ## - TITLE STATEMENT
Title Theory of automata, formal languages and computation /
245 ## - TITLE STATEMENT
Statement of responsibility, etc S.P. Eugene Xavier.
260 ## - PUBLICATION, DISTRIBUTION, ETC. (IMPRINT)
Place of publication, distribution, etc New Delhi :
260 ## - PUBLICATION, DISTRIBUTION, ETC. (IMPRINT)
Name of publisher, distributor, etc New Age International Limited Pub.,
260 ## - PUBLICATION, DISTRIBUTION, ETC. (IMPRINT)
Date of publication, distribution, etc 2004
300 ## - PHYSICAL DESCRIPTION
Extent 347 pages :
300 ## - PHYSICAL DESCRIPTION
Other physical details illustrations ;
300 ## - PHYSICAL DESCRIPTION
Dimensions 24 cm.
500 ## - GENERAL NOTE
General note Includes bibliographical references and index.
650 ## - SUBJECT ADDED ENTRY--TOPICAL TERM
Topical term or geographic name as entry element Computational complexity.
650 ## - SUBJECT ADDED ENTRY--TOPICAL TERM
General subdivision Machine theory.
Holdings
Withdrawn status Lost status Damaged status Home library Current library Shelving location Date acquired Total Checkouts Full call number Barcode Date last seen Price effective from Koha item type
      South Mansfield College South Mansfield College   03/07/2005   ComSc QA 267.7 .X38 2004 SMC02016 06/21/2016 06/21/2016  

Theory of automata, formal languages and computation /

APA

Xavier S. E., .Theory of automata, formal languages and computation. New Delhi: .

Chicago

Xavier S.P Eugene, .Theory of automata, formal languages and computation. New Delhi: .

Harvard

Xavier S. E., .Theory of automata, formal languages and computation. New Delhi: .

MLA

Xavier S.P Eugene, .New Delhi: . .

  • Place hold
  • Print
  • Cite
  • Add to your cart (remove)
  • Save record
    BIBTEX Dublin Core MARCXML MARC (non-Unicode/MARC-8) MARC (Unicode/UTF-8) MARC (Unicode/UTF-8, Standard) MODS (XML) RIS
  • More searches
    Search for this title in:
    Other Libraries (WorldCat) Other Databases (Google Scholar) Online Stores (Bookfinder.com) Open Library (openlibrary.org)

Exporting to Dublin Core...

SOUTHVILLE LIBRARY

Southville International School and Colleges Library

1281 Tropical Ave. Cor. Luxembourg St., BF Homes International, Las Pinas City

Tel. No. 8256374 / 252358 Loc. 117/146

Powered by Koha